000 01111nam a22003377a 4500
001 0017568
003 KOHA_MİRAKIL
005 20260207002144.0
007 ta
008 100525b2009 tu |||gr||||#0|||1|eng |
020 _a9789944223508
040 _aTR-BiSEU
_btur
_cTR-BiSEU
_erda
041 0 _aeng
044 _ctu
050 _aPE1112
_b.I85 2009
100 1 _aIşık, Hasan.
245 1 _aSweet rivalry in english :
_bcourse book /
_cHasan Işık ; Hasan Işık.
264 1 _aAnkara :
_bDetay yayıncılık
_c2009
300 _a386 sayfa; 24 cm.
336 _ametin
_btxt
_2rdacontent
337 _aaracısız
_bn
_2rdamedia
338 _acilt
_bnc
_2rdacarrier
650 0 _aİngiliz dili--Gramer.
_935601
650 0 _aİngiliz dili--Çalışma ve öğretim.
_931747
650 0 _aİngiliz dili--yabancı konuşmacılar için ders kitapları--Türk.
_940816
650 0 _aEnglish language--Grammar.
_93478
650 0 _aEnglish language--Study and teaching.
_940817
650 0 _aEnglish language--Textbooks for foreign speakers--Turkish.
_93457
907 _aDil
942 _2lcc
_cBK
999 _c17525
_d17525